00349pab a2200145 454500008004000000100002100040245003600061260000900097300000800106362001100114650002300125650002200148650001400170773001900184180718b1996 xxu||||| |||| 00| 0 eng d aBhandari, Arvind aAnswer to corruption is Lok Pal c1996 ap.8 a12 Jul aCorruption - India aOmbudsman - India aOmbudsman aIndian Express